<?xml version="1.0" encoding="UTF-8"?>
<record
    xmlns:xsi="http://www.w3.org/2001/XMLSchema-instance"
    xsi:schemaLocation="http://www.loc.gov/MARC21/slim http://www.loc.gov/standards/marcxml/schema/MARC21slim.xsd"
    xmlns="http://www.loc.gov/MARC21/slim">

  <leader>00999nam a22002657a 4500</leader>
  <controlfield tag="005">20170124103127.0</controlfield>
  <datafield tag="010" ind1=" " ind2=" ">
    <subfield code="a">B-082043</subfield>
  </datafield>
  <datafield tag="020" ind1=" " ind2=" ">
    <subfield code="c">175.00</subfield>
    <subfield code="a">8170283035</subfield>
  </datafield>
  <datafield tag="035" ind1=" " ind2=" ">
    <subfield code="a">B-082043</subfield>
  </datafield>
  <datafield tag="037" ind1=" " ind2=" ">
    <subfield code="b">Cen Lib/Ret</subfield>
  </datafield>
  <datafield tag="040" ind1=" " ind2=" ">
    <subfield code="a">DPL</subfield>
    <subfield code="b">HN</subfield>
  </datafield>
  <datafield tag="082" ind1=" " ind2=" ">
    <subfield code="a">330.126</subfield>
    <subfield code="b">&#x938;&#x947;&#x928;&#x905; </subfield>
  </datafield>
  <datafield tag="100" ind1=" " ind2=" ">
    <subfield code="a">&#x938;&#x947;&#x928;, &#x905;&#x92E;&#x930;&#x94D;&#x924;&#x94D;&#x92F; </subfield>
    <subfield code="9">43761</subfield>
  </datafield>
  <datafield tag="245" ind1=" " ind2=" ">
    <subfield code="a">&#x917;&#x93C;&#x930;&#x940;&#x92C;&#x940; &#x914;&#x930; &#x905;&#x915;&#x93E;&#x932; /</subfield>
    <subfield code="c">&#x905;&#x92E;&#x930;&#x94D;&#x924;&#x94D;&#x92F; &#x938;&#x947;&#x928;</subfield>
  </datafield>
  <datafield tag="246" ind1=" " ind2=" ">
    <subfield code="a">Garibi aur akal /</subfield>
    <subfield code="b">by Amartya Sen</subfield>
  </datafield>
  <datafield tag="260" ind1=" " ind2=" ">
    <subfield code="a">&#x926;&#x93F;&#x932;&#x94D;&#x932;&#x940; </subfield>
    <subfield code="b">&#x930;&#x93E;&#x91C;&#x92A;&#x93E;&#x932; &#x90F;&#x902;&#x921; &#x938;&#x928;&#x94D;&#x91C;</subfield>
    <subfield code="c">2002</subfield>
  </datafield>
  <datafield tag="270" ind1=" " ind2=" ">
    <subfield code="a">&#x915;&#x936;&#x94D;&#x92E;&#x940;&#x930;&#x940; &#x917;&#x947;&#x91F;</subfield>
    <subfield code="b">&#x926;&#x93F;&#x932;&#x94D;&#x932;&#x940; </subfield>
    <subfield code="e">110006</subfield>
  </datafield>
  <datafield tag="300" ind1=" " ind2=" ">
    <subfield code="a">203&#x92A;&#x943;. </subfield>
    <subfield code="c">21&#x938;&#x947;&#x92E;&#x940;(&#x938;&#x91C;&#x93F;&#x932;&#x94D;&#x926;)</subfield>
  </datafield>
  <datafield tag="500" ind1=" " ind2=" ">
    <subfield code="a">&#x905;&#x928;&#x941;&#x915;&#x94D;&#x930;&#x92E;&#x923;&#x93F;&#x915;&#x93E;  &#x936;&#x93E;&#x92E;&#x93F;&#x932;    </subfield>
  </datafield>
  <datafield tag="650" ind1=" " ind2=" ">
    <subfield code="a">&#x917;&#x93C;&#x930;&#x940;&#x92C;&#x940;</subfield>
    <subfield code="9">83537</subfield>
  </datafield>
  <datafield tag="650" ind1=" " ind2=" ">
    <subfield code="a">&#x917;&#x93C;&#x930;&#x940;&#x92C;&#x940;  &#x92E;&#x93E;&#x92A;&#x928; </subfield>
    <subfield code="9">83538</subfield>
  </datafield>
  <datafield tag="650" ind1=" " ind2=" ">
    <subfield code="a">Poverty</subfield>
    <subfield code="9">83539</subfield>
  </datafield>
  <datafield tag="650" ind1=" " ind2=" ">
    <subfield code="a">Measurement  Poverty</subfield>
    <subfield code="9">83540</subfield>
  </datafield>
  <datafield tag="942" ind1=" " ind2=" ">
    <subfield code="2">ddc</subfield>
    <subfield code="c">HN</subfield>
    <subfield code="h">330.126</subfield>
    <subfield code="m">&#x938;&#x947;&#x928;&#x905; </subfield>
  </datafield>
  <datafield tag="999" ind1=" " ind2=" ">
    <subfield code="c">119138</subfield>
    <subfield code="d">119138</subfield>
  </datafield>
  <datafield tag="952" ind1=" " ind2=" ">
    <subfield code="0">0</subfield>
    <subfield code="1">0</subfield>
    <subfield code="4">0</subfield>
    <subfield code="7">0</subfield>
    <subfield code="a">L</subfield>
    <subfield code="b">L</subfield>
    <subfield code="d">2015-09-15</subfield>
    <subfield code="e">Cen Lib/Ret</subfield>
    <subfield code="g">175.00</subfield>
    <subfield code="l">9</subfield>
    <subfield code="m">2</subfield>
    <subfield code="o">330.126 &#x938;&#x947;&#x928;&#x905;</subfield>
    <subfield code="p">B-082043</subfield>
    <subfield code="r">2024-04-15 00:00:00</subfield>
    <subfield code="s">2024-03-30</subfield>
    <subfield code="t">1</subfield>
    <subfield code="v">175.00</subfield>
    <subfield code="w">2015-09-15</subfield>
    <subfield code="y">HN</subfield>
  </datafield>
</record>
